Juristas Fils̤ofos

Bibliographic Details
Main Author: Bevilaqua, Clovis
Format: eBook
Language:Portuguese
Published: San Pablo: Pillares, 2022
Subjects:
Online Access:Acceso restringido

MARC

LEADER 00000nam a22000007a 4500
005 20221025014532.0
007 cr|||| ||||
008 221025s2022 br |||||s|||| 00||0 por d
020 |a 978-85-8183-141-1 
035 |a 37482 
040 |a vLex 
090 |c 14046  |d 14046 
100 1 |a Bevilaqua, Clovis 
245 1 0 |a Juristas Fils̤ofos  |h [Recurso electrn̤ico] /  |c Clovis Bevilaqua 
256 |a Servicio en ln̕ea 
260 |a San Pablo:  |b Pillares,  |c 2022 
300 |a 1 recurso electrn̤ico 
500 |a Nô se ocupa este livro especialmente de todos os juristas fils̤ofos, isto ,̌ de todos aqueles homens do direito que, do terreno mďio da cin̊cia prt̀ica, do conhecimento das leis e dos princp̕ios que fazem mover-se a mecńica do direito, elevaram-se s̉ generalizaė̳s superiores que unificam os grupos particulares de fenm̥enos da mesma ordem e os prendem, depois, ao conjunto cs̤mico. 
506 1 |a Disponible solo en los productos indicados  |d vLex Global  |d vLex Global (Academic Edition, excluding Law Schools)  |d vLex Global (U.S. Academic Edition, Law Schools)  |d vLex Global (U.S. Academic Edition, excluding Law Schools)  |d vLex Global (Academic Edition, Law Schools) 
650 0 4 |a Derecho Militar  |z Brasil 
650 0 4 |a Filosofa̕ y religin̤  |z Brasil 
740 0 |a vLex Libros (Servicio en ln̕ea) 
856 4 0 |u https://app.vlex.com/#/sources/37482  |z Acceso restringido 
942 |c BOOK 
999 0 |a Military Law 
999 0 |a Philosophy and religion